000 00488nam a2200205Ia 4500
005 20240823031752.0
008 240823s9999||||xx |||||||||||||| ||und||
020 _a978-81-7758-279-6
041 _aENGLISH
082 _A539 Q1
100 _aBransden B H
245 0 _aPhysics of Atoms and Molecules
250 _a2nd
260 _c2011
_bPearson Education Internat
500 _aYES
650 _aPhysics
_bPhysics
700 _a Joachain C J
942 _cBK
999 _c191853
_d191853